000 01136nam a22004097a 4500
001 BR202001030
003 BR-BrBNA
005 20230928105706.0
007 ta
008 230509b bl.||||| |||| 00| 0 por d
040 _aBR-BrBNA
_bpor
_cBiblioteca Nacional de Agricultura
041 _a(Por)
072 _aH20; H10; H50
_b1000
_b4020
_b7300
_b3874
090 _ 1000 BR202001030
100 1 _aBassanezi, R.B.
100 1 _aMiranda, M.P.
100 1 _aLopes, S.A.
110 1 _aFundo de Defesa da Citricultura, Araraquara, SP (Brasil)
_95192
245 1 _aGreening/HLB: medidas essenciais de controle
250 1 _a2. ed.
260 3 _aAraraquara, SP (Brasil):
_c2017.
300 _a22 p.
500 _a35 illus.
650 _aFRUTA CÍTRICA
650 _aFRUTA TROPICAL
650 _aINSETO
650 _aBACTÉRIA
650 _aDOENÇA DE PLANTA
650 _aTRANSMISSÃO DE DOENÇA
650 _aSINTOMA
650 _aCONTROLE QUÍMICO
650 _aINSETICIDA
650 _aCONTROLE BIOLÓGICO
650 _aINSETO PARA CONTROE BIOLÓGICO
909 _a202309
_bLucia
_c55
_dLucia Elande
942 _cBK
999 _c86221
_d86221